| 000 | 00873cam a2200193 4500 | ||
|---|---|---|---|
| 001 | ABS63053 | ||
| 008 | 000000n2000 000 0 eng u | ||
| 035 | _a(Sirsi) u108808 | ||
| 245 | _aThird parties' contractual rights | ||
| 260 | _c2000 | ||
| 490 |
_aRIBA Journal _v107(10) October 2000, 95-96(2) |
||
| 520 | _aDiscusses the implications of the Contracts (Rights of Third Parties) Act 1999, which brings English law closely into line with other systems of contract law. This radically alters the longstanding general rule whereby a person can only enforce a contract if he is party to it. Now, in certain circumstances, a third party has the right to enforce particular contractual terms. | ||
| 590 | _aABS | ||
| 650 | _aCONTRACTS (RIGHTS OF THIRD PARTIES) ACT 1999 | ||
| 650 | _aCONTRACTUAL RIGHTS | ||
| 650 | _aTHIRD PARTIES | ||
| 690 | _aLAW | ||
| 942 | _n0 | ||
| 999 |
_c64957 _d64957 |
||